000 00401nam a22001337a 4500
082 _a370
_bREP
_cL-31, P-67
100 _aMinistry of Education
_99099
245 _aReport of the Commission on National Education/
260 _aKarachi
_bManager Government of Pakistan Press
_cc1959.
300 _a370 p. :
_c19cm
526 _a0
_b0
_c0
_d370_000000000000000_REP
650 _aMCE
_9379
942 _2ddc
_cBK
999 _c542877
_d542877